{"text_format":"1","workbook":"xlsx","n_sheets":1,"sheets":["price bid "],"not_rendered":{"charts":0,"images":1,"macros":1,"external_links":0,"defined_names":0,"comments":0,"pivot_tables":0},"unopened":[],"bounds":{"document_bytes":16777216,"sheet_cells":100000,"rows_first":2000,"rows_last":500,"rows_between":2000,"halvings":0,"cell_chars":16384,"cell_head_chars":4096},"cells_cut":0,"cells_raw":0,"read":"whole","date_system":"1900"}

{"sheet":"price bid ","index":0,"n_rows":30,"n_cols":6,"rows_kept":30,"cut":false,"hidden":false,"merged":[[0,0,0,5],[2,0,2,5],[26,1,26,5],[27,1,27,5],[3,0,3,5],[1,0,1,5],[4,0,4,5],[6,0,6,5],[18,0,18,4],[19,0,19,4],[20,0,20,4],[21,0,21,4],[23,1,23,5],[22,0,22,4]]}
["    BHARAT HEAVY ELECTRICAL LIMITED , JHANSI              "]
["FACTORY CIVIL  DEPARTMENT"]
["PRICE BID  (JS-146)"]
["Name of work - Misc Flooring/Tiles  work inside factory area."]
["Tender No-FCX/TW/21/13"]
["Sl.no.","Descripition of work","Unit","Qty.","Rate","Amount (Rs.)"]
["Section \"A\""]
[1,"Providing and laying in position cement concrete of specified grade excluding the cost of centering and shuttering - All work up to plinth level :1:3:6 (1 Cement : 3 coarse sand (zone-III): 6 graded stone aggregate 40 mm nominal size).","Cum",9,3241.05,{"$f":"E8*D8","v":29169.45}]
[2,"Brick work with common burnt clay F.P.S. (non modular) bricks of class designation 7.5 in superstructure above plinth level up to floor V level in all shapes and sizes in Cement mortar 1:6 (1 cement : 6 coarse sand)","Cum",5,4748.42,23742.1]
[3,"Providing and fixing Ist quality ceramic glazed wall tiles conforming to IS: 15622 (thickness to be specified by the manufacturer), of approved make, in all colours, shades except burgundy, bottle green, black of any size as approved by Engineer-in-Charge, in skirting, risers of steps and dados, over 12 mm thick bed of cement mortar 1:3 (1 cement : 3 coarse sand) and jointing with grey cement slurry @ 3.3kg per sqm, including pointing in white cement mixed with pigment of matching shade complete","sqm",190,635.54999999999995,120754.49999999999]
[4,"Providing and laying Ceramic glazed floor tiles of size 300x300 mm (thickness to be specified by the manufacturer), of 1st quality conforming to IS : 15622, of approved make, in all colours, shades, except White, Ivory, Grey, Fume Red Brown, laid on 20 mm thick bed of cement mortar 1:4 (1 Cement : 4 Coarse sand), jointing with grey cement slurry @ 3.3kg/sqm including pointing the joints with white cement and matching pigments etc., complete","sqm",35,615.49,21542.15]
[5,"Providing and laying Vitrified tiles in floor with different sizes (thickness to be specified by the manufacturer), with water absorption less than 0.08% and conforming to IS:15622 , of approved brand & manufacturer, in all colours and shade, laid with cement based high polymer modified quick set tile adhesive (water based) conforming to IS : 15477, in average 6 mm thickness, including grouting of joints (Payment for grouting of joints to be made separately). Size of Tile 600x600 mm","sqm",310,1043.9199999999998,{"$f":"E12*D12","v":323615.19999999995}]
[6,"12 mm cement plaster of mix :  1:6 (1 cement: 6 fine sand) \n","sqm",20,135.5,2710]
[7,"15 mm cement plaster on the rough side of single or half brick wall of mix :  1:6 (1 cement: 6 fine sand) ","sqm",15,155.51,2332.6499999999996]
[8,"Dismantling old plaster or skirting raking out joints and cleaning the surface for plaster including disposal of rubbish to the dumping ground within 50 metres lead","sqm",50,22.4,1120]
[9,"Demolishing cement concrete manually/ by mechanical means including disposal of material within 50 metres lead as per direction of Engineer - in - charge.Nominal concrete 1:4:8 or leaner mix (i/c equivalent design\nmix)","Cum",{"$f":"(D11+D12)*0.1","v":34.5},615.15,21222.674999999999]
[10,"Providing and fixing G.I. pipes complete with G.I. fittings and clamps, i/c cutting and making good the walls etc.15 mm dia nominal bore","Mtr.",50,170.6,{"$f":"E17*D17","v":8530}]
[11,"Not covered above but covered in DSR-2016",null,5000,1,5000]
["Sectional Total A",null,null,null,null,{"$f":"SUM(F8:F18)","v":559738.72499999998}]
["Sectional Weightage Percentage",null,null,null,null,1]
["Quoted Sectional amount Sec A (derived) from the Quoted Total Price Bid value.",null,null,null,null,{"$f":"F23*F20","v":0}]
["Sectional Multiplying Factor ",null,null,null,null,{"$f":"F21/F19","v":0}]
["Total "]
["In words",{"$f":"rup(F23)","v":0}]
[]
["Note:","GST Shall be paid Extra As applicable. "]
[null,"1. Bidder has to quote rate in above unlocked cell (F23)only. Item rate shall be calculated automatically. Calculated item rates upto four decimal points may be adjusted w.r.t. gross total amount and it shall be the itemwise final rate for  execution of contract and all other purposes."]
[null,"2. Quoted gross total amount should be considered only if quoted in this excel sheet and print out of this should only be considered for evaluation.  If Price is quoted in any other format other than the Excel Sheet enclosed to the NIT , the offer of the bidder  will be rejected"]
[]
[null,null,null,"(Signature and Seal of  Contractor  )"]